Proteases : potential role in health and disease /

Bibliographic Details
Corporate Author: International Symposium on Proteases: Potential Role in Health and Disease Würzburg, Germany
Other Authors: Hörl, Walter H., Heidland, August
Format: Conference Proceeding Book
Language:English
Published: New York : Plenum Press, [1984]
Series:Advances in experimental medicine and biology ; v. 167.
Subjects:

MARC

Tag First Indicator Second Indicator Subfields
LEADER 00000cam a2200000 a 4500
001 in00000531925
005 20151013095109.0
008 830908s1984 nyua b 10100 eng
010 |a  83019186  
020 |a 0306414880 
035 |a (OCoLC)09945853 
035 |9 ACG3047AM 
040 |a DLC  |c DLC  |d TXA  |d UtOrBLW 
049 |a TXAM  |c [490516] 
050 0 0 |a QP609.P78  |b I57 1982 
060 0 |a Wl AD559 v.167 / QU 136 I615p 1982 
082 0 |a 599/.019256  |2 19 
111 2 |a International Symposium on Proteases: Potential Role in Health and Disease  |d (1982 :  |c Würzburg, Germany) 
245 1 0 |a Proteases :  |b potential role in health and disease /  |c edited by Walter H. Horl and August Heidland. 
264 1 |a New York :  |b Plenum Press,  |c [1984] 
264 4 |c ©1984 
300 |a xv, 591 pages :  |b illustrations ;  |c 26 cm. 
336 |a text  |b txt  |2 rdacontent 
337 |a unmediated  |b n  |2 rdamedia 
338 |a volume  |b nc  |2 rdacarrier 
490 1 |a Advances in experimental medicine and biology ;  |v v. 167 
500 |a "Proceedings of the International Symposium on Proteases: Potential Role in Health and Disease, held October 17-20, 1982, in Wurzburg, Federal Republic of Germany"--Verso title page. 
504 |a Includes bibliographical references and index. 
650 0 |a Proteolytic enzymes  |v Congresses. 
650 0 |a Protease inhibitors  |x Congresses. 
650 2 |a Protease Inhibitors  |x congresses. 
650 2 |a Peptide Hydrolases  |x congresses. 
700 1 |a Hörl, Walter H. 
700 1 |a Heidland, August. 
830 0 |a Advances in experimental medicine and biology ;  |v v. 167. 
999 |a MARS 
999 f f |s 77977ca0-8205-3e0c-aa3f-845d7c2dc310  |i 123f38ed-6b66-3058-8bd5-fe5e16dcd3f6  |t 0 
952 f f |p ric  |a Texas A&M University  |b Rellis Campus  |c Joint Library Facility  |d Remote Storage  |t 0  |e QP609.P78 I57 1982  |h Library of Congress classification  |i unmediated -- volume  |m A14808112353 
998 f f |a QP609.P78 I57 1982  |t 0  |l Remote Storage